[Event "Pardubice Czech op-B 30th"]
[Site "Pardubice"]
[Date "2019.07.24"]
[Round "6"]
[White "Haase, Pavel"]
[Black "Sokolski, Aleksander"]
[Result "1-0"]
[WhiteElo "2160"]
[BlackElo "1955"]
[PlyCount "61"]
[EventDate "2019.07.19"]
[EventType "swiss"]
[EventRounds "9"]
[EventCountry "CZE"]
[SourceTitle "EXT 2020"]
[Source "ChessBase"]
[SourceDate "2019.10.17"]
[SourceVersion "1"]
[SourceVersionDate "2019.10.17"]
[SourceQuality "1"]

1. d4 Nf6 2. c3 d5 3. e3 c6 4. Bd3 Qc7 5. f4 e6 6. Nd2 c5 7. Ngf3 cxd4 8. cxd4 Nc6 9. Ne5 Bd6 10. 0-0 Bd7 11. a3 Ne7 12. Rf3 Bc6 13. Rg3 g6 14. Ndf3 Ne4 15. Rh3 h5 16. Bd2 f6 17. Rc1 Qb6 18. Bxe4 dxe4 19. Nc4 Qd8 20. Nh4 g5 21. Nxd6+ Qxd6 22. Bb4 Qd7 23. Bxe7 g4 24. Bxf6 Rf8 25. Ng6 Rxf6 26. Rxh5 Rxg6 27. Rh8+ Kf7 28. Rxa8 a6 29. Rh8 Kg7 30. Rh4 g3 31. hxg3 1-0

[Event "Berlin Spandau op"]
[Site "Berlin"]
[Date "2017.12.28"]
[Round "3"]
[White "Sokolski, Aleksander"]
[Black "Hansch, Karsten"]
[Result "0-1"]
[WhiteElo "1926"]
[BlackElo "2231"]
[PlyCount "40"]
[EventDate "2017.12.27"]
[EventType "swiss"]
[EventRounds "7"]
[EventCountry "GER"]
[SourceTitle "CBM 182 Extra"]
[Source "ChessBase"]
[SourceDate "2018.02.23"]
[SourceVersion "1"]
[SourceVersionDate "2018.02.23"]
[SourceQuality "1"]

1. d4 Nf6 2. c4 g6 3. Nc3 Bg7 4. e4 0-0 5. Be3 d6 6. h3 c5 7. d5 e6 8. Bd3 exd5 9. exd5 Na6 10. a3 Nc7 11. Nge2 b5 12. b3 bxc4 13. bxc4 Nd7 14. 0-0 Re8 15. Rc1 Ne5 16. Nb5 Nxb5 17. cxb5 Qa5 18. Bc2 Nc4 19. Bf4 Nb2 20. Qe1 Qxb5 0-1

[Event "Vsetin op"]
[Site "Vsetin"]
[Date "2017.07.03"]
[Round "3"]
[White "Stepan, Patrik"]
[Black "Sokolski, Aleksander"]
[Result "0-1"]
[WhiteElo "2268"]
[BlackElo "1868"]
[PlyCount "66"]
[EventDate "2017.07.01"]
[EventType "swiss"]
[EventRounds "9"]
[EventCountry "CZE"]
[SourceTitle "CBM 179 Extra"]
[Source "ChessBase"]
[SourceDate "2017.08.23"]
[SourceVersion "1"]
[SourceVersionDate "2017.08.23"]
[SourceQuality "1"]

1. d4 Nf6 2. c4 e6 3. Nf3 Bb4+ 4. Nbd2 0-0 5. a3 Bxd2+ 6. Qxd2 d5 7. e3 b6 8. cxd5 exd5 9. Bd3 Ba6 10. 0-0 Ne4 11. Qc2 Bxd3 12. Qxd3 a5 13. b3 Qd6 14. Bb2 Nd7 15. Rfd1 c6 16. Rac1 f6 17. Nd2 Nxd2 18. Rxd2 a4 19. bxa4 Rxa4 20. e4 b5 21. Re2 Nb6 22. e5 fxe5 23. dxe5 Qe6 24. Bd4 Nc4 25. Rc3 b4 26. Rb3 bxa3 27. Rb7 a2 28. Ba1 c5 29. Qb3 Ra3 30. Qb5 Ra5 31. Qb3 Qh6 32. Rc2 Ra3 33. Qb5 Rd3 0-1

[Event "Banska Stiavnica V4 op"]
[Site "Banska Stiavnica"]
[Date "2016.07.10"]
[Round "9"]
[White "Bednar, Jan"]
[Black "Sokolski, Aleksander"]
[Result "1-0"]
[WhiteElo "2068"]
[BlackElo "1945"]
[PlyCount "59"]
[EventDate "2016.07.02"]
[EventType "swiss"]
[EventRounds "9"]
[EventCountry "SVK"]
[SourceTitle "CBM 173 Extra"]
[Source "ChessBase"]
[SourceDate "2016.08.29"]
[SourceVersion "1"]
[SourceVersionDate "2016.08.29"]
[SourceQuality "1"]

1. d4 Nf6 2. c4 e6 3. Nc3 Bb4 4. e3 Bxc3+ 5. bxc3 0-0 6. Bd3 d6 7. Ne2 c5 8. 0-0 b6 9. e4 e5 10. Ng3 Nc6 11. d5 Ne7 12. f4 Ne8 13. f5 Kh8 14. Qh5 Ng8 15. Bg5 f6 16. Be3 Nc7 17. Rf3 Qe8 18. Qh4 Bd7 19. Raf1 b5 20. Nh5 Rf7 21. Rh3 h6 22. Rff3 Rb8 23. Rfg3 Qf8 24. Nxg7 Rxg7 25. Bxh6 Nxh6 26. Qxh6+ Kg8 27. Qh8+ Kf7 28. Rxg7+ Qxg7 29. Qxb8 Ne8 30. Qxa7 1-0

[Event "POL-chT3 Dolnoslaskie 1415"]
[Site "Poland"]
[Date "2014.10.26"]
[Round "1.2"]
[White "Sokolski, Aleksander"]
[Black "Nowak, Kamil"]
[Result "1-0"]
[WhiteElo "1997"]
[BlackElo "1929"]
[PlyCount "79"]
[EventDate "2014.10.26"]
[EventType "team-tourn"]
[EventRounds "11"]
[EventCountry "POL"]
[SourceTitle "EXT 2018"]
[Source "ChessBase"]
[SourceDate "2017.10.13"]
[SourceVersion "1"]
[SourceVersionDate "2017.10.13"]
[SourceQuality "1"]
[WhiteTeam "Wroclaw KS Polonia"]
[BlackTeam "Wolow WKSz"]
[WhiteTeamCountry "POL"]
[BlackTeamCountry "POL"]

1. c4 c6 2. d4 d5 3. Nc3 Nf6 4. Nf3 a6 5. Bg5 dxc4 6. a4 Qa5 7. Bd2 e6 8. e3 Bb4 9. Bxc4 0-0 10. 0-0 c5 11. Qb3 Nc6 12. Rfd1 Bd7 13. d5 exd5 14. Nxd5 Nxd5 15. Bxd5 Bg4 16. Bxb4 Qxb4 17. Qxb4 cxb4 18. Bxc6 bxc6 19. Rac1 Rfd8 20. Rxd8+ Rxd8 21. Ne5 h5 22. f3 Be6 23. Nxc6 Rd2 24. Nxb4 a5 25. Nc6 Rxb2 26. Rc5 Ra2 27. Rxa5 h4 28. h3 Ra1+ 29. Kh2 Bd7 30. Ne5 Rxa4 31. Rxa4 Bxa4 32. f4 Bd1 33. Nf3 Bxf3 34. gxf3 g6 35. e4 f6 36. Kg2 Kf7 37. Kf2 Ke6 38. Ke3 f5 39. Kd4 Kd6 40. Kc4 1-0

[Event "Litomysl op 13th"]
[Site "Litomysl"]
[Date "2011.12.28"]
[Round "4"]
[White "Hentze, Markus"]
[Black "Sokolski, Aleksander"]
[Result "1/2-1/2"]
[WhiteElo "2111"]
[BlackElo "1916"]
[PlyCount "114"]
[EventDate "2011.12.26"]
[EventType "swiss"]
[EventRounds "9"]
[EventCountry "CZE"]
[SourceTitle "CBM 146 Extra"]
[Source "ChessBase"]
[SourceDate "2012.02.29"]
[SourceVersion "1"]
[SourceVersionDate "2012.02.29"]
[SourceQuality "1"]

1. e4 c6 2. d4 g6 3. Nc3 d5 4. e5 Bg7 5. f4 h5 6. Nf3 Bg4 7. Be3 Nh6 8. h3 Bxf3 9. Qxf3 Nf5 10. Bf2 h4 11. 0-0-0 b5 12. Bd3 e6 13. Bxf5 exf5 14. g4 hxg3 15. Bxg3 Nd7 16. h4 Rh5 17. Rhe1 Nf8 18. Bf2 Ne6 19. Ne2 Bf8 20. Rh1 Be7 21. Rh3 Kd7 22. Rdh1 Qa5 23. Ng3 Rh7 24. h5 Qxa2 25. c3 Rah8 26. Ne2 b4 27. cxb4 Bxb4 28. hxg6 Rxh3 29. Rxh3 Qc4+ 30. Kd1 Rxh3 31. Qxh3 fxg6 32. Qh7+ Kc8 33. Qh3 Ba5 34. b3 Qb4 35. Qd3 Kb7 36. Kc2 Nc7 37. Nc3 Qxc3+ 38. Qxc3 Bxc3 39. Kxc3 Ne6 40. Be3 Kb6 41. Kb4 a6 42. Ka4 a5 43. b4 axb4 44. Kxb4 c5+ 45. dxc5+ Kc6 46. Kc3 d4+ 47. Bxd4 Nxf4 48. Kc4 Ne6 49. Bg1 g5 50. Bf2 f4 51. Kd3 Kd5 52. Ke2 Kxe5 53. Kf3 Kd5 54. Kg4 Nxc5 55. Kxg5 Ne6+ 56. Kf5 f3 57. Bg1 Nd4+ 1/2-1/2

[Event "Litomysl op 13th"]
[Site "Litomysl"]
[Date "2011.12.26"]
[Round "1"]
[White "Sokolski, Aleksander"]
[Black "Krupa, Monika"]
[Result "0-1"]
[WhiteElo "1916"]
[BlackElo "2235"]
[PlyCount "78"]
[EventDate "2011.12.26"]
[EventType "swiss"]
[EventRounds "9"]
[EventCountry "CZE"]
[SourceTitle "CBM 146 Extra"]
[Source "ChessBase"]
[SourceDate "2012.02.29"]
[SourceVersion "1"]
[SourceVersionDate "2012.02.29"]
[SourceQuality "1"]

1. d4 Nf6 2. c4 e6 3. Nc3 Bb4 4. Bg5 h6 5. Bh4 c5 6. d5 g5 7. Bg3 Ne4 8. Qd3 Qf6 9. Rc1 Bxc3+ 10. bxc3 Nxg3 11. hxg3 e5 12. Nf3 d6 13. Nd2 Kf8 14. Qf3 Qxf3 15. gxf3 f5 16. g4 fxg4 17. Ne4 Kg7 18. Nxd6 gxf3 19. Bh3 Bxh3 20. Rxh3 fxe2 21. Kxe2 Nd7 22. Rf3 Rhf8 23. Nxb7 Rf4 24. Rb1 g4 25. Rxf4 exf4 26. Nd6 Nb6 27. Kd3 h5 28. Re1 Rf8 29. Re7+ Kg6 30. Ne4 h4 31. Re6+ Kg7 32. Re5 g3 33. Nxc5 h3 34. fxg3 h2 35. Rh5 fxg3 36. Ne6+ Kg6 37. Rh3 Rf3+ 38. Ke4 g2 39. Rxh2 g1Q 0-1

[Event "Lubawka op 2nd"]
[Site "Lubawka"]
[Date "2007.07.08"]
[Round "2"]
[White "Sokolski, Aleksander"]
[Black "Guziewicz, Wojciech"]
[Result "1-0"]
[WhiteElo "1824"]
[BlackElo "1977"]
[PlyCount "94"]
[EventDate "2007.07.07"]
[EventType "swiss"]
[EventRounds "9"]
[EventCountry "POL"]
[SourceTitle "CBM 119 Extra"]
[Source "ChessBase"]
[SourceDate "2007.09.04"]
[SourceVersion "1"]
[SourceVersionDate "2007.09.04"]
[SourceQuality "1"]

1. c4 Nf6 2. Nc3 e6 3. d4 d5 4. Bg5 Be7 5. e3 dxc4 6. Bxc4 Nbd7 7. Nf3 c5 8. 0-0 0-0 9. Qc2 a6 10. dxc5 Nxc5 11. b4 Ncd7 12. a3 b5 13. Be2 Bb7 14. Rfd1 Qc7 15. Rac1 Rac8 16. Qb2 Bc6 17. Nd4 Ne5 18. Bf4 Qb7 19. Nxc6 Rxc6 20. Nxb5 Rxc1 21. Rxc1 axb5 22. Bxe5 Qb6 23. Bd3 Nh5 24. Qe2 Nf6 25. Bxb5 Nd5 26. Bd4 Qb8 27. Bd3 Qa8 28. Qb2 f6 29. Bc5 Rf7 30. Bxe7 Rxe7 31. b5 Qa7 32. Bc4 Nb6 33. Bb3 Kf7 34. Rc6 Qa5 35. h3 Na4 36. Bxa4 Qxa4 37. Ra6 Qd1+ 38. Kh2 Rd7 39. Qa2 Rd6 40. Rxd6 Qxd6+ 41. g3 h5 42. a4 h4 43. a5 Qc5 44. a6 hxg3+ 45. fxg3 Qxe3 46. a7 f5 47. a8Q f4 1-0